Statistics for heroes of the bible

Click here to take the quiz!

General Stats

  • This quiz has been taken 105 times
    (104 since last reset)
  • The average score is 22 of 29

Answer Stats

Hint Answer % Correct
first man and womenAdam & Eve
100%
led the people of Israel through the wildernessMoses
97%
willing to sacrifice his son for godAbraham
95%
eaten by a fishJonah
95%
made the arkNoah
95%
savior of the worldJesus
93%
his brothers sold him as a slaveJoseph
92%
survived the lion's denDaniel
92%
worked 14 years for his wifeJacob
90%
walked on water with JesusPeter
89%
a man after god's own heartDavid
86%
wrote the revelationJohn
86%
blinded by god's powerPaul
84%
wished for wisdomSolomon
83%
killed a lion with his bare handsSamson
83%
deafeted jerichoJoshua
82%
saved her peopleEsther
82%
gave the blessing to the wrong sonIsaac
77%
raven's brought him foodElijah
74%
heard god in the nightSamuel
71%
would not curse godJob
69%
Jesus's brotherJames
66%
made an axehead floatElisha
56%
deafeted the midianites with only 300 menGideon
55%
nobody listened too himJeremiah
54%
his lips touch a hot coalIsaiah
53%
rebuilt the walls of JerusalemNehemiah
46%
formed bones into menEzekiel
45%
found the long lost book of lawJosiah
28%

Score Distribution

Percentile by Number Answered

Percent of People with Each Score

Your Score History

You have not taken this quiz since the last reset